| 000 | 00312cam a22001097a 4500 | ||
|---|---|---|---|
| 008 | 180718b1958 xxu||||| |||| 00| 0 eng d | ||
| 082 | _aT251064 F761/58 | ||
| 245 | _aForeman: an annual for supervisors | ||
| 260 |
_aLondon _bIndustrial Welfare Society _c1958 |
||
| 440 | _ano. 6, 1958 | ||
| 650 | _aForemen - Yearbook | ||
| 999 |
_c365638 _d365638 |
||